Winning youth for Christ. (Record no. 12484)

000 -LEADER
fixed length control field 00541nam a2200181 a 4500
001 - CONTROL NUMBER
control field :::00010286$&:&@@
003 - CONTROL NUMBER IDENTIFIER
control field OkBaRHE
005 - DATE AND TIME OF LATEST TRANSACTION
control field 20000607103357.0
008 - FIXED-LENGTH DATA ELEMENTS--GENERAL INFORMATION
fixed length control field s1930 j 000 0 eng u
040 ## - CATALOGING SOURCE
Transcribing agency
100 1# - MAIN ENTRY--PERSONAL NAME
Personal name Morris, Paul Judson.
245 10 - TITLE STATEMENT
Title Winning youth for Christ.
260 ## - PUBLICATION, DISTRIBUTION, ETC. (IMPRINT)
Place of publication, distribution, etc Philadelphia, PA., :
Name of publisher, distributor, etc Judson Press
Date of publication, distribution, etc c1930
300 ## - PHYSICAL DESCRIPTION
Extent 123 p. ;
Dimensions 19 cm.
650 ## - SUBJECT ADDED ENTRY--TOPICAL TERM
Topical term or geographic name as entry element Church Work with Youth
942 ## - ADDED ENTRY ELEMENTS (KOHA)
Source of classification or shelving scheme
Koha item type Books
Copies
Permanent Location Shelving location Not for loan Koha item type Price effective from Date acquired Copy number Lost status Barcode Damaged status Withdrawn status Full call number Source of classification or shelving scheme Date last seen
RHEMA Bible Training CollegeGeneral Stacks Books2010-04-142010-04-141 10286  BV 4447 .M6 2010-04-14